CLINICAL PHARMACY AND THERAPEUTICS (Record no. 8160)

MARC details
000 -LEADER
fixed length control field 00455nam a22001817a 4500
005 - DATE AND TIME OF LATEST TRANSACTION
control field 20230118115157.0
008 - FIXED-LENGTH DATA ELEMENTS--GENERAL INFORMATION
fixed length control field 221220b |||||||| |||| 00| 0 eng d
020 ## - INTERNATIONAL STANDARD BOOK NUMBER
ISBN 978-07020-7011-2
041 ## - LANGUAGE CODE
Language code of text/sound track or separate title eng
082 ## - DEWEY DECIMAL CLASSIFICATION NUMBER
Classification number 615 WHI-C
100 ## - MAIN ENTRY--AUTHOR NAME
Personal name ROGER AND WALKER CHURCH
245 ## - TITLE STATEMENT
Title CLINICAL PHARMACY AND THERAPEUTICS
250 ## - EDITION STATEMENT
Edition statement 6th ed.
260 ## - PUBLICATION, DISTRIBUTION, ETC. (IMPRINT)
Name of publisher ELSEVIER
Year of publication 2019
300 ## - PHYSICAL DESCRIPTION
Number of Pages 1094;P.
650 ## - SUBJECT ADDED ENTRY--TOPICAL TERM
Topical Term PHARMACY
General subdivision D.PHARMA
942 ## - ADDED ENTRY ELEMENTS (KOHA)
Koha item type Books
Holdings
Lost status Damaged status Collection code Home library Current library Shelving location Date acquired Source of acquisition Cost, normal purchase price Full call number Accession Number Koha item type
    PHARMACY JRU Library JRU Library Shelf - 21- C 17/11/2022 LOHIA BOOK INTERNATIONAL 2967.00 615-WHI-C 27202 Books